[Event "3FoglarGM_A"]
[Site "?"]
[Date "2007.??.??"]
[Round "?"]
[White "Morais, Gustavo"]
[Black "Bures, Jilji"]
[Result "0-1"]
[WhiteElo "2376"]
[BlackElo "2451"]
[PlyCount "80"]
[EventDate "2007.??.??"]

1. e4 c5 2. Nf3 Nc6 3. d4 cxd4 4. Nxd4 Nf6 5. Nc3 e5 6. Ndb5 d6 7. Nd5 Nxd5 8.
exd5 Nb8 9. c4 a6 10. Nc3 Be7 11. Bd3 O-O 12. O-O f5 13. f3 Nd7 14. Be3 Bg5 15.
Bf2 Qf6 16. Bc2 Qh6 17. Qe2 b6 18. a3 Rb8 19. b4 e4 20. fxe4 f4 21. Bd4 Bf6 22.
Bxf6 Nxf6 23. Qd2 Ng4 24. g3 g5 25. gxf4 gxf4 26. Kh1 Rb7 27. e5 Nxe5 28. Ne2
Bg4 29. Be4 Nxc4 30. Qd3 f3 31. Qxc4 fxe2 32. Rg1 Rg7 33. Rxg4 Rxg4 34. Qxe2
Qg7 35. Re1 Kh8 36. Bg2 Rg8 37. Rg1 Qc3 38. Qf1 R4g6 39. Qf2 b5 40. h3 Rg3 0-1

[Event "3FoglarGM_A"]
[Site "?"]
[Date "2007.??.??"]
[Round "?"]
[White "Henrich, Gunter"]
[Black "Conttegnie, Francis"]
[Result "1/2-1/2"]
[WhiteElo "2398"]
[BlackElo "2398"]
[PlyCount "80"]
[EventDate "2007.??.??"]

1. d4 d5 2. c4 dxc4 3. Nf3 Nf6 4. e3 a6 5. Bxc4 e6 6. O-O c5 7. Bb3 cxd4 8.
exd4 Nc6 9. Nc3 Be7 10. Re1 O-O 11. a3 Na5 12. Bc2 b5 13. d5 Re8 14. Bg5 Nxd5
15. Nxd5 exd5 16. Qd3 g6 17. Rxe7 Rxe7 18. Qc3 Raa7 19. a4 bxa4 20. Qc5 Rab7
21. Bxa4 h6 22. Bxe7 Rxe7 23. Rd1 Be6 24. b4 Nb7 25. Qc1 Kh7 26. Qf4 Qc7 27.
Qh4 Kg7 28. Nd4 Nd6 29. Nc6 Nf5 30. Qg4 Re8 31. Qe2 Qb6 32. Qb2+ f6 33. Nd4 Rb8
34. Nxe6+ Qxe6 35. Bc2 Ne7 36. Bd3 Qd6 37. Qa2 Rb6 38. b5 axb5 39. Qa7 Ra6 40.
Qb7 Ra5 1/2-1/2

[Event "3FoglarGM_A"]
[Site "?"]
[Date "2007.??.??"]
[Round "?"]
[White "Bortolin, Bruno"]
[Black "Versili, Mario"]
[Result "1/2-1/2"]
[WhiteElo "2398"]
[BlackElo "2428"]
[PlyCount "78"]
[EventDate "2007.??.??"]

1. d4 Nf6 2. c4 e6 3. Nf3 d5 4. Nc3 c6 5. e3 Nbd7 6. Bd3 dxc4 7. Bxc4 b5 8. Bd3
Bb7 9. e4 b4 10. Na4 c5 11. e5 Nd5 12. Nxc5 Nxc5 13. dxc5 Bxc5 14. O-O h6 15.
Qa4+ Ke7 16. Ba6 Qb6 17. Bxb7 Qxb7 18. a3 Qb6 19. Qc2 b3 20. Qe4 Rhd8 21. Bd2
a5 22. Rad1 Rac8 23. g4 Qa7 24. g5 Rg8 25. gxh6 gxh6+ 26. Kh1 f5 27. Qh4+ Kd7
28. Qa4+ Ke7 29. Bxh6 Rg4 30. Qxb3 Qa8 31. Rc1 Nb6 32. Rg1 Nd7 33. Bg5+ Kf7 34.
Rg2 Rxg2 35. Kxg2 Nxe5 36. Rc3 Qe4 37. Qd1 Rb8 38. Bc1 Rh8 39. b3 Qg4+ 1/2-1/2

[Event "3FoglarGM_A"]
[Site "?"]
[Date "2007.??.??"]
[Round "?"]
[White "Bures, Jilji"]
[Black "Henrich, Gunter"]
[Result "1-0"]
[WhiteElo "2451"]
[BlackElo "2398"]
[PlyCount "66"]
[EventDate "2007.??.??"]

1. e4 c5 2. Nf3 d6 3. d4 cxd4 4. Nxd4 Nf6 5. Nc3 a6 6. Be2 e6 7. O-O Be7 8. f4
O-O 9. Be3 Nc6 10. a4 Qc7 11. Kh1 Re8 12. Bf3 Rb8 13. g4 Nxd4 14. Bxd4 e5 15.
fxe5 dxe5 16. Ba7 Ra8 17. g5 Rd8 18. Qe2 Ne8 19. Be3 Be6 20. Nd5 Bxd5 21. exd5
Nd6 22. b3 g6 23. c4 Nf5 24. Bd2 Nd4 25. Qd3 Ne6 26. Bg2 Nf4 27. Qg3 Bd6 28. a5
Rf8 29. Be3 Ne2 30. Qe1 Nd4 31. Qc3 Qe7 32. Rf6 Rad8 33. Qd3 Qc7 1-0

[Event "3FoglarGM_A"]
[Site "?"]
[Date "2007.??.??"]
[Round "?"]
[White "Nyvlt, Zdenek"]
[Black "Vaclav, Juraj"]
[Result "1/2-1/2"]
[WhiteElo "2459"]
[BlackElo "2488"]
[PlyCount "82"]
[EventDate "2007.??.??"]

1. Nf3 Nf6 2. g3 d5 3. Bg2 c6 4. O-O Bg4 5. d3 Nbd7 6. Qe1 e5 7. h3 Bxf3 8.
Bxf3 e4 9. Bg2 Bc5 10. Nc3 Qe7 11. dxe4 dxe4 12. Na4 Bb4 13. c3 Bd6 14. c4 O-O
15. Be3 Rad8 16. Qc1 Nc5 17. Nc3 Be5 18. Rb1 a5 19. Rd1 Rxd1+ 20. Qxd1 Rd8 21.
Qc2 Bd4 22. Nd5 Nxd5 23. Bxd4 Nb4 24. Bxc5 Qxc5 25. Rd1 Re8 26. Qb3 Qe7 27. Qc3
c5 28. a3 Nc6 29. Rd5 b6 30. e3 g6 31. Qb3 Qc7 32. Qd1 Re6 33. Rd7 Qe5 34. Qc2
Ne7 35. h4 Kg7 36. Bh3 Rf6 37. Kh2 h5 38. Rd8 Qc7 39. Rd2 Qe5 40. Rd7 Kh7 41.
Qd2 Kg7 1/2-1/2

[Event "3FoglarGM_A"]
[Site "?"]
[Date "2007.??.??"]
[Round "?"]
[White "Poulheim, Karl-Friedrich"]
[Black "Bures, Jilji"]
[Result "1/2-1/2"]
[WhiteElo "2404"]
[BlackElo "2451"]
[PlyCount "41"]
[EventDate "2007.??.??"]

1. e4 c5 2. Nf3 Nc6 3. d4 cxd4 4. c3 Nf6 5. e5 Nd5 6. cxd4 d6 7. Bc4 Nb6 8. Bb5
dxe5 9. Nxe5 Bd7 10. Nxd7 Qxd7 11. Nc3 e6 12. O-O Be7 13. Qg4 O-O 14. Rd1 f5
15. Qe2 Nd5 16. Nxd5 exd5 17. Bf4 Rae8 18. Qd2 Bf6 19. Rac1 a6 20. Bxc6 bxc6
21. Qc3 1/2-1/2

[Event "3FoglarGM_A"]
[Site "?"]
[Date "2007.??.??"]
[Round "?"]
[White "Versili, Mario"]
[Black "Standke, Wolfgang"]
[Result "0-1"]
[WhiteElo "2428"]
[BlackElo "2523"]
[PlyCount "142"]
[EventDate "2007.??.??"]

1. e4 c5 2. Nf3 Nc6 3. d4 cxd4 4. Nxd4 Nf6 5. Nc3 e5 6. Ndb5 d6 7. Bg5 a6 8.
Na3 b5 9. Bxf6 gxf6 10. Nd5 f5 11. Bd3 Be6 12. Qh5 Rg8 13. g3 Rg5 14. Qd1 Bxd5
15. exd5 Ne7 16. c3 Bh6 17. Be2 Qb6 18. Nc2 Kf8 19. a4 bxa4 20. Nb4 e4 21. Qxa4
f4 22. Qa5 Qb7 23. Bxa6 Qd7 24. Qa4 Qf5 25. Qd1 Ng6 26. Nc2 Ne5 27. Nd4 Qg6 28.
gxf4 Rg1+ 29. Rxg1 Qxg1+ 30. Ke2 Qg4+ 31. Kd2 Qxf4+ 32. Kc2 Qxf2+ 33. Qe2 Qxe2+
34. Nxe2 Ng4 35. b4 f5 36. b5 Ne3+ 37. Kb3 Rb8 38. c4 f4 39. Nd4 f3 40. Nc6 Rb6
41. Bc8 Bg5 42. Bh3 Nxd5 43. Bf5 Nf6 44. Kc2 Kg7 45. Nd4 Rb7 46. Ra6 f2 47. Bh3
Kg6 48. Kd1 Be3 49. Ne6 Bb6 50. Ke2 Rb8 51. Ra3 h5 52. Rg3+ Ng4 53. c5 Bxc5 54.
Nxc5 dxc5 55. Bxg4 hxg4 56. Kxf2 Kf5 57. Rb3 Rb6 58. Ke2 Kf4 59. Rb1 c4 60.
Rf1+ Ke5 61. Rc1 Kd4 62. Rd1+ Kc3 63. Rb1 Kc2 64. Rb4 c3 65. Ke3 Kc1 66. Rxe4
Rxb5 67. Rxg4 Kb2 68. Rc4 c2 69. Kf4 Rb4 70. Rxb4+ Kc3 71. Re4 c1=Q+ 0-1

[Event "3FoglarGM_A"]
[Site "?"]
[Date "2007.??.??"]
[Round "?"]
[White "Daubenfeld, Nico"]
[Black "Versili, Mario"]
[Result "1-0"]
[WhiteElo "2400"]
[BlackElo "2428"]
[PlyCount "107"]
[EventDate "2007.??.??"]

1. e4 c5 2. Nf3 Nc6 3. d4 cxd4 4. Nxd4 e6 5. Nc3 Nf6 6. Ndb5 d6 7. Bf4 e5 8.
Bg5 a6 9. Na3 b5 10. Bxf6 gxf6 11. Nd5 f5 12. Bd3 Be6 13. O-O Bg7 14. Qh5 f4
15. c4 b4 16. Nc2 Rb8 17. b3 O-O 18. a3 bxa3 19. b4 a5 20. b5 Ne7 21. Rxa3 Bxd5
22. cxd5 f5 23. exf5 Rf7 24. Ra4 Bf6 25. Na3 Rg7 26. Rb1 Nc8 27. Nc4 Nb6 28.
Nxb6 Qxb6 29. Rc1 Qd8 30. Rc6 Kh8 31. Ra6 Qg8 32. Qf3 Rc7 33. g3 fxg3 34. hxg3
Rc1+ 35. Kg2 Qf8 36. Qh5 Rc7 37. R4xa5 Rg7 38. Ra7 Qe8 39. Qxe8+ Rxe8 40. Rxg7
Kxg7 41. Ra7+ Kg8 42. b6 Rb8 43. b7 Kf7 44. Ba6 Bd8 45. Ra8 Bc7 46. Kf3 Kf6 47.
Kg4 Kg7 48. Kg5 h6+ 49. Kh5 Kf6 50. g4 Kg7 51. f6+ Kxf6 52. Kxh6 Kf7 53. Rxb8
Bxb8 54. g5 1-0

[Event "3FoglarGM_A"]
[Site "?"]
[Date "2007.??.??"]
[Round "?"]
[White "Conttegnie, Francis"]
[Black "Bortolin, Bruno"]
[Result "1-0"]
[WhiteElo "2398"]
[BlackElo "2398"]
[PlyCount "37"]
[EventDate "2007.??.??"]

1. e4 Nf6 2. e5 Nd5 3. d4 d6 4. Nf3 dxe5 5. Nxe5 Nd7 6. Nxf7 Kxf7 7. Qh5+ Ke6
8. c4 N5f6 9. d5+ Kd6 10. Qf7 Nb8 11. c5+ Kd7 12. Bb5+ c6 13. dxc6+ bxc6 14.
O-O Qa5 15. Rd1+ Kc7 16. a4 Qb4 17. Bd2 Qxc5 18. Ra3 Bd7 19. Ba5+ 1-0

[Event "3FoglarGM_A"]
[Site "?"]
[Date "2007.??.??"]
[Round "?"]
[White "Sykora, Josef"]
[Black "Henrich, Gunter"]
[Result "1-0"]
[WhiteElo "2375"]
[BlackElo "2398"]
[PlyCount "40"]
[EventDate "2007.??.??"]

1. c4 e5 2. Nc3 Nf6 3. Nf3 Nc6 4. g3 Bb4 5. Bg2 O-O 6. O-O e4 7. Ng5 Bxc3 8.
bxc3 Re8 9. Qc2 Qe7 10. d3 exd3 11. exd3 h6 12. Ne4 d6 13. Bf4 Bf5 14. Nxf6+
Qxf6 15. Rab1 Rab8 16. Rfd1 g5 17. Be3 Ne5 18. Bxa7 Ra8 19. Be3 Qg6 20. Bxb7
Qh5 1-0

[Event "3FoglarGM_A"]
[Site "?"]
[Date "2007.??.??"]
[Round "?"]
[White "Versili, Mario"]
[Black "Conttegnie, Francis"]
[Result "1/2-1/2"]
[WhiteElo "2428"]
[BlackElo "2398"]
[PlyCount "106"]
[EventDate "2007.??.??"]

1. e4 e5 2. Nf3 Nf6 3. d4 Nxe4 4. Bd3 d5 5. Nxe5 Nd7 6. Qe2 Nxe5 7. Bxe4 dxe4
8. Qxe4 Be6 9. Qxe5 Qd7 10. O-O Bd6 11. Qe2 O-O 12. Be3 Rae8 13. Nd2 c6 14.
Rfe1 Re7 15. Ne4 Bc7 16. Bd2 Rfe8 17. Bb4 Bg4 18. Qd3 Re6 19. Nc5 Qd6 20. g3
Rxe1+ 21. Rxe1 Rxe1+ 22. Bxe1 Bb6 23. Nxb7 Qe6 24. Qe3 Bxd4 25. Qxe6 Bxe6 26.
b3 Bf5 27. c3 Bb6 28. a4 Bc8 29. Nd6 Be6 30. c4 Bc7 31. Ne4 Bg4 32. b4 Be2 33.
c5 Bf3 34. Nd2 Bd1 35. a5 f6 36. f4 Kf7 37. Kf2 Ke6 38. Nc4 Bb3 39. Ne3 h5 40.
Ke2 g6 41. Kd3 h4 42. Bc3 Ba4 43. Nc2 hxg3 44. hxg3 g5 45. Nd4+ Kd5 46. Bd2 Bb8
47. Nf5 Ke6 48. Nd6 Bxd6 49. cxd6 Kxd6 50. fxg5 fxg5 51. Bxg5 a6 52. Kd4 Ke6
53. Ke4 Bb5 1/2-1/2

[Event "3FoglarGM_A"]
[Site "?"]
[Date "2007.??.??"]
[Round "?"]
[White "Sykora, Josef"]
[Black "Staniszewski, Jerzy"]
[Result "1/2-1/2"]
[WhiteElo "2375"]
[BlackElo "2400"]
[PlyCount "79"]
[EventDate "2007.??.??"]

1. c4 Nf6 2. Nc3 e5 3. Nf3 Nc6 4. g3 Bb4 5. Nd5 Bc5 6. Bg2 O-O 7. O-O d6 8. d3
Nxd5 9. cxd5 Nd4 10. Nxd4 Bxd4 11. e3 Bb6 12. Bd2 Bd7 13. a4 a5 14. Qc2 Qe8 15.
Kh1 f5 16. f4 Rf6 17. Bf3 Rh6 18. e4 exf4 19. Rae1 Qf7 20. gxf4 Rh3 21. Bc3
fxe4 22. Bxe4 Rh5 23. Rf3 g6 24. Qg2 Bf5 25. Rg3 Re8 26. Rg5 Rxg5 27. Qxg5 c5
28. Bxf5 Rxe1+ 29. Bxe1 Qxf5 30. Qxf5 gxf5 31. Bh4 Kf7 32. Kg2 h6 33. Kf3 Ke8
34. b3 Bd8 35. Be1 Kd7 36. Bc3 Bb6 37. Kg3 Bd8 38. Bg7 h5 39. Bh6 Ke8 40. Bg5
1/2-1/2

[Event "3FoglarGM_A"]
[Site "?"]
[Date "2007.??.??"]
[Round "?"]
[White "Henrich, Gunter"]
[Black "Nyvlt, Zdenek"]
[Result "1/2-1/2"]
[WhiteElo "2398"]
[BlackElo "2459"]
[PlyCount "60"]
[EventDate "2007.??.??"]

1. d4 Nf6 2. c4 e6 3. Nf3 b6 4. a3 Ba6 5. Qc2 Bb7 6. Nc3 c5 7. e4 cxd4 8. Nxd4
Bc5 9. Nb3 Nc6 10. Bg5 h6 11. Bh4 Nd4 12. Nxd4 Bxd4 13. Bd3 Qb8 14. Bg3 Be5 15.
O-O-O O-O 16. Kb1 a6 17. Rhe1 b5 18. cxb5 axb5 19. Nxb5 Bc6 20. a4 Rc8 21. Rc1
Bb7 22. Qd1 Rxc1+ 23. Kxc1 d5 24. exd5 Bxg3 25. hxg3 Bxd5 26. Bc2 Qc8 27. Nc3
Bxg2 28. Qd4 Qb7 29. Kb1 Bf3 30. Be4 Nxe4 1/2-1/2

[Event "3FoglarGM_A"]
[Site "?"]
[Date "2007.??.??"]
[Round "?"]
[White "Versili, Mario"]
[Black "Mrkvicka, Josef"]
[Result "1-0"]
[WhiteElo "2428"]
[BlackElo "2488"]
[PlyCount "143"]
[EventDate "2007.??.??"]

1. e4 g6 2. d4 Bg7 3. Nc3 d6 4. Nf3 a6 5. Be2 b5 6. O-O Bb7 7. Re1 Nd7 8. Bg5
c5 9. a4 b4 10. Nd5 h6 11. Bh4 Rc8 12. c3 g5 13. Bg3 bxc3 14. bxc3 Ngf6 15.
Nxf6+ Nxf6 16. Bd3 Nh5 17. Rb1 Rb8 18. Qe2 O-O 19. dxc5 Nxg3 20. hxg3 dxc5 21.
Bxa6 Bc6 22. Rxb8 Qxb8 23. Qc4 Bd7 24. e5 Qb6 25. Bb5 Be6 26. Qe4 Qa5 27. Qe3
Qc7 28. c4 Qa5 29. Nd2 Rd8 30. Nb3 Qb4 31. Nxc5 Bxc4 32. Na6 Qb3 33. Qxb3 Bxb3
34. Nc5 Ba2 35. f4 Rc8 36. Nd7 gxf4 37. gxf4 h5 38. Nb6 Rc5 39. Kf2 Be6 40. Ke3
Rc3+ 41. Kd4 Ra3 42. Bc4 Bh6 43. Bxe6 fxe6 44. Rf1 Kf7 45. Kc4 Kg6 46. Kb4 Ra2
47. g3 Rb2+ 48. Kc5 Ra2 49. Kb5 Rb2+ 50. Kc6 Kf5 51. Nc8 Ra2 52. Nxe7+ Kg4 53.
Kd7 Kxg3 54. f5 Kg2 55. Rb1 exf5 56. Nxf5 Bg5 57. Rb4 Rd2+ 58. Ke6 Bd8 59. Rc4
Kh3 60. Rd4 Rxd4 61. Nxd4 Kg3 62. Kd7 h4 63. Ne2+ Kf2 64. Nf4 Kg3 65. Nh5+ Kg4
66. Kxd8 h3 67. e6 h2 68. e7 h1=Q 69. e8=Q Qa8+ 70. Ke7 Qe4+ 71. Kf7 Qb7+ 72.
Qe7 1-0

[Event "3FoglarGM_A"]
[Site "?"]
[Date "2007.??.??"]
[Round "?"]
[White "Standke, Wolfgang"]
[Black "Bures, Jilji"]
[Result "1/2-1/2"]
[WhiteElo "2523"]
[BlackElo "2451"]
[PlyCount "61"]
[EventDate "2007.??.??"]

1. e4 c5 2. Nf3 d6 3. d4 cxd4 4. Nxd4 Nf6 5. Nc3 a6 6. Be2 e6 7. O-O Be7 8. f4
O-O 9. Be3 Nc6 10. a4 Qc7 11. Kh1 Re8 12. Bf3 Rb8 13. g4 Nxd4 14. Bxd4 e5 15.
fxe5 dxe5 16. Ba7 Ra8 17. g5 Rd8 18. Qe2 Ne8 19. Be3 Be6 20. Nd5 Bxd5 21. exd5
Nd6 22. b3 g6 23. c4 Nf5 24. Bd2 Nd4 25. Qd3 Ne6 26. Bg2 Nf4 27. Qg3 Bd6 28. a5
Rf8 29. Be3 Ne2 30. Qe1 Nd4 31. Qc3 1/2-1/2

[Event "3FoglarGM_A"]
[Site "?"]
[Date "2007.??.??"]
[Round "?"]
[White "Daubenfeld, Nico"]
[Black "Conttegnie, Francis"]
[Result "1/2-1/2"]
[WhiteElo "2400"]
[BlackElo "2398"]
[PlyCount "104"]
[EventDate "2007.??.??"]

1. e4 e5 2. Nf3 Nf6 3. Nxe5 d6 4. Nf3 Nxe4 5. d4 d5 6. Bd3 Bd6 7. O-O O-O 8. c4
c6 9. cxd5 cxd5 10. Nc3 Nxc3 11. bxc3 Bg4 12. Rb1 Nd7 13. h3 Bh5 14. Rb5 Nb6
15. c4 Bxf3 16. Qxf3 dxc4 17. Bc2 Qd7 18. a4 Rab8 19. Bd2 Bc7 20. g3 a6 21. Rh5
g6 22. a5 Na8 23. Rc5 Bd6 24. Rxc4 Nc7 25. Kg2 Rfc8 26. Rc1 Nb5 27. Bb3 Rxc4
28. Rxc4 Bf8 29. Be3 Nd6 30. Rc1 Nf5 31. Bf4 Bd6 32. Qd5 Qe7 33. Bd2 Rd8 34.
Re1 Qf6 35. Qf3 Rc8 36. Re4 Bf8 37. Bd5 Rc7 38. Bf4 Nd6 39. h4 Rd7 40. Re5 Qd8
41. Bg5 Qc7 42. h5 Bg7 43. Bb3 Qc6 44. Rc5 Qxf3+ 45. Kxf3 h6 46. Ba4 Nb5 47.
Bxb5 axb5 48. Be3 Bxd4 49. Bxd4 Rxd4 50. hxg6 fxg6 51. Rc8+ Kf7 52. Rc7+ Ke6
1/2-1/2

[Event "3FoglarGM_A"]
[Site "?"]
[Date "2007.??.??"]
[Round "?"]
[White "Bures, Jilji"]
[Black "Daubenfeld, Nico"]
[Result "1/2-1/2"]
[WhiteElo "2451"]
[BlackElo "2400"]
[PlyCount "81"]
[EventDate "2007.??.??"]

1. e4 c5 2. Nf3 d6 3. d4 cxd4 4. Nxd4 Nf6 5. Nc3 a6 6. Be2 e5 7. Nb3 Be7 8. O-O
O-O 9. Be3 Be6 10. Nd5 Nbd7 11. Qd3 Bxd5 12. exd5 Qc8 13. c4 Bd8 14. Rac1 Bb6
15. Bg5 h6 16. Bd2 Re8 17. a4 a5 18. Rfd1 Qc7 19. Qf5 e4 20. Bc3 e3 21. f3 Ne5
22. Re1 Rac8 23. Qh3 Kf8 24. f4 Ned7 25. Qg3 Qd8 26. Kh1 Nc5 27. Nxc5 Bxc5 28.
Bf1 Qb6 29. Bxf6 gxf6 30. Qh3 Bb4 31. Red1 Bd2 32. Rb1 Qd4 33. b3 Ke7 34. Qf5
Kd8 35. Be2 Kc7 36. Qh5 Re7 37. b4 axb4 38. Rxb4 Qxf4 39. Rb5 b6 40. Rf1 Qe4
41. Qxh6 1/2-1/2

[Event "3FoglarGM_A"]
[Site "?"]
[Date "2007.??.??"]
[Round "?"]
[White "Sykora, Josef"]
[Black "Versili, Mario"]
[Result "1/2-1/2"]
[WhiteElo "2375"]
[BlackElo "2428"]
[PlyCount "73"]
[EventDate "2007.??.??"]

1. c4 e5 2. Nc3 Nf6 3. Nf3 Nc6 4. g3 d5 5. cxd5 Nxd5 6. Bg2 Nb6 7. O-O Be7 8.
a3 O-O 9. b4 Be6 10. Rb1 a6 11. d3 f5 12. Bb2 Qd7 13. Nd2 Rad8 14. Nb3 Nd5 15.
Nc5 Bxc5 16. bxc5 f4 17. Ba1 Nxc3 18. Bxc3 Rb8 19. Be4 Qe7 20. Qc1 Bh3 21. Rd1
fxg3 22. hxg3 Qxc5 23. Be1 Qd6 24. Bb4 Nxb4 25. Rxb4 Bc8 26. d4 b5 27. dxe5
Qxe5 28. Bd5+ Kh8 29. Re4 Qd6 30. Bc6 Qg6 31. Re7 Qf6 32. Qc5 Be6 33. Rxc7 a5
34. Rd6 Qa1+ 35. Kg2 Rf5 36. Qa7 Rbf8 37. Bf3 1/2-1/2

[Event "3FoglarGM_A"]
[Site "?"]
[Date "2007.??.??"]
[Round "?"]
[White "Nyvlt, Zdenek"]
[Black "Poulheim, Karl-Friedrich"]
[Result "0-1"]
[WhiteElo "2459"]
[BlackElo "2404"]
[PlyCount "101"]
[EventDate "2007.??.??"]

1. e4 e5 2. Nf3 Nc6 3. Bb5 a6 4. Ba4 Nf6 5. O-O Be7 6. Re1 b5 7. Bb3 d6 8. c3
O-O 9. h3 h6 10. d4 Bb7 11. Nbd2 Re8 12. Nf1 Na5 13. Bc2 d5 14. Nxe5 dxe4 15.
Ng4 Bd6 16. Nfe3 Nxg4 17. Qxg4 Qf6 18. Bd2 Nc4 19. b3 Nxd2 20. Rad1 h5 21. Qxh5
g6 22. Ng4 Qf4 23. Qh6 Qxh6 24. Nxh6+ Kg7 25. Ng4 e3 26. Rxe3 Rxe3 27. Nxe3 Ne4
28. Bxe4 Bxe4 29. f3 Bb7 30. Kf2 a5 31. c4 a4 32. Rd2 axb3 33. axb3 b4 34. Rc2
c5 35. Rd2 Ra1 36. d5 Rb1 37. Rd3 Kf8 38. Nd1 Bc8 39. g4 f5 40. Ke3 Ke7 41. Ke2
Be5 42. Ke3 f4+ 43. Kd2 Ra1 44. Ke2 Bd4 45. h4 Ra3 46. Kf1 Ra2 47. Ke1 Bf6 48.
Rd2 Bxh4+ 49. Ke2 Ra3 50. Rd3 Kd6 51. Kd2 0-1

[Event "3FoglarGM_A"]
[Site "?"]
[Date "2007.??.??"]
[Round "?"]
[White "Staniszewski, Jerzy"]
[Black "Nyvlt, Zdenek"]
[Result "1-0"]
[WhiteElo "2400"]
[BlackElo "2459"]
[PlyCount "109"]
[EventDate "2007.??.??"]

1. d4 Nf6 2. c4 e6 3. Nf3 b6 4. g3 Ba6 5. Qa4 Be7 6. Bg2 O-O 7. Nc3 c6 8. Bf4
Qc8 9. O-O d5 10. Ne5 Qb7 11. cxd5 cxd5 12. Rfc1 b5 13. Qd1 Nbd7 14. e4 b4 15.
exd5 bxc3 16. dxe6 Nd5 17. exd7 cxb2 18. Rab1 bxc1=Q 19. Qxc1 Nxf4 20. gxf4
Rac8 21. dxc8=Q Qxc8 22. Qxc8 Bxc8 23. Nc6 Bf6 24. d5 Re8 25. d6 Bf5 26. Rd1
Bd7 27. Nxa7 Re2 28. Nc6 Rxa2 29. Bd5 Re2 30. Kg2 g6 31. Kf3 Re8 32. Rb1 Kg7
33. Nb8 Bf5 34. Rb7 Be6 35. Bxe6 Rxe6 36. Rb6 Re1 37. Nc6 Rd1 38. Ne5 Kf8 39.
Rb8+ Kg7 40. d7 Bxe5 41. d8=Q Rxd8 42. Rxd8 Bc7 43. Rd5 Kf6 44. Ke4 Ke7 45. Rb5
Kf6 46. h4 Bd8 47. h5 h6 48. Rb8 Bc7 49. Rc8 Bd6 50. Rc6 Ke6 51. hxg6 fxg6 52.
Rb6 h5 53. Ra6 Ke7 54. f5 gxf5+ 55. Kxf5 1-0

[Event "3FoglarGM_A"]
[Site "?"]
[Date "2007.??.??"]
[Round "?"]
[White "Standke, Wolfgang"]
[Black "Sykora, Josef"]
[Result "1/2-1/2"]
[WhiteElo "2523"]
[BlackElo "2375"]
[PlyCount "47"]
[EventDate "2007.??.??"]

1. d4 d5 2. c4 c6 3. Nf3 e6 4. Qc2 Nf6 5. Bg5 h6 6. Bh4 Be7 7. e3 O-O 8. Nc3
Nbd7 9. Bd3 dxc4 10. Bxc4 b5 11. Bd3 Bb7 12. O-O a6 13. Rad1 Rc8 14. Ne5 c5 15.
dxc5 Nxe5 16. Bxf6 Qc7 17. Bxe5 Qxe5 18. Bh7+ Kh8 19. Be4 Bxe4 20. Qxe4 Bf6 21.
Rd6 Qxc5 22. Rxa6 Bxc3 23. bxc3 Qxc3 24. Qb1 1/2-1/2

[Event "3FoglarGM_A"]
[Site "?"]
[Date "2007.??.??"]
[Round "?"]
[White "Conttegnie, Francis"]
[Black "Bures, Jilji"]
[Result "1/2-1/2"]
[WhiteElo "2398"]
[BlackElo "2451"]
[PlyCount "111"]
[EventDate "2007.??.??"]

1. d4 d5 2. Nf3 Nf6 3. c4 e6 4. Nc3 c6 5. Bg5 Nbd7 6. cxd5 exd5 7. e3 Be7 8.
Bd3 O-O 9. Qc2 Re8 10. h3 Nf8 11. Bf4 Bd6 12. Bxd6 Qxd6 13. O-O-O Be6 14. Kb1
Rac8 15. g4 c5 16. dxc5 Qxc5 17. Nd4 a6 18. f4 Bd7 19. g5 Ne4 20. Nxe4 dxe4 21.
Qxc5 Rxc5 22. Bc2 h5 23. gxh6 g6 24. h4 Kh7 25. Nb3 Rh5 26. Nd2 f5 27. Nc4 Be6
28. Na5 Rb8 29. Rd6 Rxh6 30. Bb3 Bxb3 31. Nxb3 Rc8 32. Nd4 Rc7 33. b4 Kg7 34.
Kb2 Rh5 35. a4 Kf7 36. a5 Re7 37. Rb6 Kg8 38. Ka3 Rhh7 39. b5 axb5 40. Kb4 Rc7
41. Nxb5 Rc2 42. Rb1 Re2 43. h5 Rxe3 44. hxg6 Rd7 45. Nd6 Rg3 46. Ne8 Rd4+ 47.
Kc5 Rgd3 48. Nf6+ Kg7 49. Nh5+ Kg8 50. Rxb7 Nd7+ 51. Rxd7 Rxd7 52. Nf6+ Kg7 53.
Nxd7 Rxd7 54. Re1 Rc7+ 55. Kb6 Rc2 56. Ra1 1/2-1/2

[Event "3FoglarGM_A"]
[Site "?"]
[Date "2007.??.??"]
[Round "?"]
[White "Morais, Gustavo"]
[Black "Sykora, Josef"]
[Result "1-0"]
[WhiteElo "2376"]
[BlackElo "2375"]
[PlyCount "51"]
[EventDate "2007.??.??"]

1. e4 c5 2. Nf3 d6 3. d4 cxd4 4. Nxd4 Nf6 5. Nc3 a6 6. Rg1 e5 7. Nb3 b5 8. g4
Bb7 9. g5 Nxe4 10. Nd5 Nd7 11. Bg2 f5 12. gxf6 Ndxf6 13. c4 Bxd5 14. cxd5 Qc7
15. Be3 a5 16. Rc1 Qd7 17. Qd3 a4 18. Na5 Rxa5 19. Bxe4 Nxe4 20. Qxe4 Ra8 21.
f4 a3 22. b3 Rd8 23. Rc6 Qe7 24. Bb6 Rb8 25. Kd1 Qh4 26. Qe2 1-0

[Event "3FoglarGM_A"]
[Site "?"]
[Date "2007.??.??"]
[Round "?"]
[White "Henrich, Gunter"]
[Black "Mrkvicka, Josef"]
[Result "1/2-1/2"]
[WhiteElo "2398"]
[BlackElo "2488"]
[PlyCount "41"]
[EventDate "2007.??.??"]

1. d4 d5 2. c4 dxc4 3. Nf3 Nf6 4. e3 e6 5. Bxc4 c5 6. O-O a6 7. dxc5 Qxd1 8.
Rxd1 Bxc5 9. Nbd2 b6 10. Be2 Bb7 11. Nc4 Bd5 12. b3 Nbd7 13. Bb2 O-O 14. Rac1
Rfc8 15. Nce5 Bf8 16. h4 b5 17. g4 Nxe5 18. Nxe5 Bd6 19. f3 Rxc1 20. Rxc1 Bb7
21. e4 1/2-1/2

[Event "3FoglarGM_A"]
[Site "?"]
[Date "2007.??.??"]
[Round "?"]
[White "Vaclav, Juraj"]
[Black "Mrkvicka, Josef"]
[Result "1/2-1/2"]
[WhiteElo "2488"]
[BlackElo "2488"]
[PlyCount "41"]
[EventDate "2007.??.??"]

1. e4 c5 2. Nf3 Nc6 3. d4 cxd4 4. Nxd4 Nf6 5. Nc3 e5 6. Ndb5 d6 7. Bg5 a6 8.
Na3 b5 9. Bxf6 gxf6 10. Nd5 f5 11. Bd3 Be6 12. O-O Bxd5 13. exd5 Ne7 14. Nxb5
Bg7 15. Nc3 e4 16. Bc4 Ng6 17. Qh5 Bxc3 18. bxc3 Qf6 19. Qh6 Qxc3 20. Bb3 Ke7
21. Rae1 1/2-1/2

[Event "3FoglarGM_A"]
[Site "?"]
[Date "2007.??.??"]
[Round "?"]
[White "Standke, Wolfgang"]
[Black "Morais, Gustavo"]
[Result "1/2-1/2"]
[WhiteElo "2523"]
[BlackElo "2376"]
[PlyCount "94"]
[EventDate "2007.??.??"]

1. d4 Nf6 2. c4 e6 3. g3 d5 4. Bg2 dxc4 5. Nf3 c5 6. O-O Nc6 7. Ne5 Bd7 8. Na3
cxd4 9. Naxc4 Bc5 10. Qb3 O-O 11. Qxb7 Nxe5 12. Nxe5 Rb8 13. Qf3 Nd5 14. Rd1
Be8 15. Nd3 Be7 16. Bd2 Bb5 17. Rdc1 Qb6 18. a4 Ba6 19. Rab1 Bb7 20. Ne5 Bb4
21. Bxb4 Nxb4 22. Qa3 Bxg2 23. Kxg2 f6 24. Nd3 Nd5 25. Rc5 Qb7 26. Kg1 e5 27.
Rbc1 a6 28. Qa2 Rfd8 29. Nb4 Qxb4 30. Rxd5 Kh8 31. Rxd8+ Rxd8 32. Qd5 Rg8 33.
b3 h6 34. Qf3 Qe7 35. Rc6 Rd8 36. Qe4 a5 37. h4 Qb7 38. Qc2 Qa8 39. Qc4 e4 40.
Kf1 d3 41. Ke1 Qb8 42. Rc7 Rg8 43. Rd7 dxe2 44. Kxe2 e3 45. Qb5 exf2 46. Qxb8
f1=Q+ 47. Kxf1 Rxb8 1/2-1/2

[Event "3FoglarGM_A"]
[Site "?"]
[Date "2007.??.??"]
[Round "?"]
[White "Horvath, Alexander"]
[Black "Daubenfeld, Nico"]
[Result "1/2-1/2"]
[WhiteElo "2421"]
[BlackElo "2400"]
[PlyCount "57"]
[EventDate "2007.??.??"]

1. e4 c5 2. Nf3 d6 3. d4 cxd4 4. Nxd4 Nf6 5. Nc3 a6 6. Be3 e5 7. Nb3 Be6 8. Be2
Be7 9. Nd5 Nbd7 10. Qd3 Bxd5 11. exd5 Rc8 12. c4 O-O 13. O-O a5 14. Rad1 Qc7
15. Nd2 Nc5 16. Qc2 Nfd7 17. Bg4 Ra8 18. f4 exf4 19. Bxf4 Ne5 20. Be2 Rfe8 21.
Be3 Ned7 22. Nf3 Qb6 23. Bd3 g6 24. Bf2 Bf6 25. Nd4 Re7 26. Nb5 Bg5 27. Kh1
Rae8 28. Rde1 Ne5 29. Be2 1/2-1/2

[Event "3FoglarGM_A"]
[Site "?"]
[Date "2007.??.??"]
[Round "?"]
[White "Horvath, Alexander"]
[Black "Nyvlt, Zdenek"]
[Result "1/2-1/2"]
[WhiteElo "2421"]
[BlackElo "2459"]
[PlyCount "48"]
[EventDate "2007.??.??"]

1. e4 d6 2. d4 Nf6 3. Nc3 g6 4. Be3 a6 5. h3 Bg7 6. f4 O-O 7. g4 b5 8. e5 Nfd7
9. Bg2 Ra7 10. Nge2 Nb6 11. b3 Bb7 12. Bxb7 Rxb7 13. Qd3 b4 14. Ne4 c5 15.
O-O-O cxd4 16. Nxd4 dxe5 17. fxe5 Bxe5 18. Nc5 Rc7 19. Nde6 Qxd3 20. Nxd3 fxe6
21. Bxb6 Rb7 22. Nxe5 Rxb6 23. Rd2 a5 24. Re1 Rd6 1/2-1/2